00410nam a2200157Ia 4500003000400000008004100004040001600045082001300061100001700074245004600091260003400137300001000171490003400181650001500215650002200230GCL140319s9999 xx 000 0 eng d aGCL / cGCL04a843bA T1 aAYME, MARCEL10aLES TIROIRS DE L'INCONNU / cAYME, MARCEL a[S.N] : bGALLIMARD ، c1994 a279 P aCOLLECTION FOLIO CLASSIQUEv004aLITERATURE04aFRENCH LITERATURE